000 01160nam a2200313 4500
001 24221
003 BD-RjUL
005 20211209001025.0
008 140312s1966 enkabc j b 001 0 eng d
020 _a0540001279
035 _a(BD-RjUL)24287
040 _aDLC
_cDLC
_dDLC
_dBD-RjUL
_beng
041 _aeng
082 0 0 _a914.203
_bBES V-3 1966
100 1 _aBeggs-Humphreys, Mary Eleanor
_974606
245 1 4 _aThe shrinking world /
_cby M. E. Beggs-Humphreys and D. W. Humphreys, with black-and-white illustrations from contemporary sources and many photographs and maps.
_nBook Three
250 _a5th ed.
260 _aLondon :
_bG. Philip,
_c1966
300 _avi, 270 p. :
_billus. (incl. ports.), maps, diagrs. ;
_c22 1/2 cm.
350 _a10/6
504 _aIncludes bibliographies. and Index
651 0 _aGreat Britain
_xHistory
_y18th century
_xJuvenile literature.
_974608
651 0 _aGreat Britain
_xHistory
_y19th century
_xJuvenile literature.
_974609
700 1 _aHumphreys, Darlow Willis,
_ejoint author.
_974610
942 _2ddc
_cBK
999 _c24221
_d24221